X-ray diffraction and the identification and analysis of clay minerals /

Guardado en:
Autor Principal: Moore, Duane Milton, 1933-
Otros Autores: Reynolds, Robert C., 1955-
Formato: Libro
Idioma:English
Publicado: Oxford : Oxford University Press, 1997.
Edición:2nd ed.
Materias:
Acceso en línea:Descripción
Tabla de contenido
Etiquetas: Agregar Etiqueta
Sin Etiquetas, Sea el primero en etiquetar este registro!
LEADER 01098cam a22002775a 4500
001 EIQ.libpla004010
008 960508s1997####enka#####b####001#0#eng#d
005 20080425192906.0
245 1 0 |a X-ray diffraction and the identification and analysis of clay minerals /  |c Duane M. Moore, Robert C. Reynolds, Jr. 
250 |a 2nd ed. 
260 |a Oxford :  |b Oxford University Press,  |c 1997. 
300 |a xviii, 378 p. :  |b il. ;  |c 24 cm. 
504 |a Incluye referencias bibliográficas e índice. 
020 |a 0195087135 (pbk. : acid-free paper) 
100 1 |a Moore, Duane Milton,  |d 1933- 
700 1 |a Reynolds, Robert C.,  |d 1955- 
082 0 0 |a 549/.6  |2 20 
650 4 |a Arcilla  |x Análisis. 
650 4 |a Laboratorio  |x Radiocristalografía. 
650 0 |a Clay  |x Analysis. 
650 0 |a X-ray crystallography. 
010 |a  96022767  
040 |a DLC  |c DLC  |d AR-BbSID 
856 4 2 |3 Descripción  |u http://www.loc.gov/catdir/enhancements/fy0605/96022767-d.html 
856 4 1 |3 Tabla de contenido  |u http://www.loc.gov/catdir/enhancements/fy0605/96022767-t.html 
859 |a AR-BbSID  |b BIB. PLAPIQUI  |h 549.6  |i M 782  |p 5512